États américains - Mort subite - Statistiques

Statistiques générales
  • Ce quiz a été pris 567 fois
  • Le résultat moyen est 12 sur 20
Answers on the Grid
Answers color-coded by a green-red scale on the quiz's grid according to % correct below.
Nevada
Las Vegas
New York
Vermont
Toronto
Ottawa
Manitoba
Maine
Californie
Utah
Newton
Virginie du Sud
Trenton
Texas
Oregon
Géorgie
Virginie Occidentale
Iowa
Virginie du Nord
Tennessee
New Avalon
Dakota du Nord
Varizona
Caroline du Nord
Oklahoma
Boston
Arizona
Milwaukee
Yukon
Quebec
Alabama
Illinois
Kansas
Floride
 
Statistiques - réponses
Réponse % Correct
Nevada
95%
Californie
78%
New York
75%
Utah
75%
Vermont
72%
Maine
69%
Texas
62%
Floride
58%
Géorgie
56%
Kansas
56%
Oregon
55%
Tennessee
54%
Arizona
53%
Illinois
53%
Oklahoma
53%
Alabama
52%
Caroline du Nord
52%
Dakota du Nord
51%
Iowa
51%
Virginie Occidentale
44%
Aucun quiz correspondant
Distribution des résultats
% des personnes avec chaque résultat
Percentile par nombre de réponses
Votre historique - résultats
Vous n’avez pas pris ce quiz